000 00202 a2200097 4500
001 12932
100 _aThomas Hobbes
245 _aLeviathan
260 _a
_bW.W.Norton &Company
_c
090 _c9920
_d9920
942 _aNUST-CAE
_cM
_c36845
999 _c248005
_d248005